[Event "FIDE Online Steinitz Memorial Open"]
[Site "Internet"]
[Date "2020.05.15"]
[Round "5"]
[White "Carlsen, Magnus"]
[Black "Anton Guijarro, David"]
[Result "1-0"]
[WhiteElo "2887"]
[BlackElo "2590"]
[Annotator "TA"]
[PlyCount "83"]
[EventDate "2020.05.15"]
[EventType "tourn"]
[SourceTitle "playchess.com"]
[Source "ChessBase"]
[SourceQuality "1"]

{[%evp 10,83,20,11,14,2,12,-17,-22,-16,-16,-43,-12,0,-4,-16,0,-20,0,0,113,109,149,155,141,150,155,145,139,136,143,158,252,216,327,113,287,197,267,254,255,273,350,247,616,616,616,616,842,819,801,489,1005,611,595,607,557,579,573,551,498,488,583,334,579,318,599,239,262,211,793,800,761,710,29989,29990]} 1. e4 e5 2. Nf3 Nc6 3. Bb5 a6 4. Ba4 Nf6 5. d3 Bc5 6. c3 d6 {C77: Ruy Lopez: 3...a6 4 Ba4 Nf6, unusual lines.} 7. Nbd2 O-O 8. Nf1 d5 {The position is equal.} 9. Qe2 b5 10. Bb3 d4 11. Ng3 a5 {[#]} 12. a3 $5 $146 {[%mdl 8] New and interesting.} ({Predecessor:} 12. Bg5 h6 13. Bd5 hxg5 14. Bxc6 Rb8 15. Nxg5 Rb6 16. Bd5 Nxd5 17. exd5 Qxg5 18. Ne4 {0-1 (28) Bakalar,J (2120)-Tropp,L (1924) Slovakia 2009}) 12... Rb8 13. O-O dxc3 14. bxc3 b4 (14... a4 $11 {remains equal.} 15. Bc2 Bg4) 15. Ba4 $16 {axb4 is the strong threat.} Rb6 16. Bxc6 Rxc6 17. cxb4 axb4 18. axb4 ({Of course not} 18. Nxe5 $6 Ra6 $11) 18... Bxb4 19. Nxe5 Re6 20. Bb2 c5 (20... Rfe8 $16) 21. Nf5 $18 Rfe8 {[#]} (21... Qc7 $142) 22. f4 $2 (22. Nc4 $1 $18 {and the rest is easy.}) 22... Rb6 $2 {This move loses the game for Black.} (22... c4 $16 {was called for.}) 23. Ne3 Ba6 (23... Ra6 $142 24. Rxa6 Bxa6) 24. N3c4 Bxc4 25. Nxc4 ({And not} 25. dxc4 Bd2 $15) 25... Rb8 26. Ra7 Nd7 $2 {[#]} (26... Re7) 27. Bxg7 $1 {[%mdl 576] Decoy} Kxg7 28. Qg4+ Kf8 29. Rxd7 Qf6 30. e5 Qg6 (30... Qe6 $142 31. Qxe6 Rxe6) 31. Qf3 Rbd8 32. f5 Qg5 33. Rxd8 Rxd8 34. e6 Bc3 35. Kh1 Qf6 36. exf7 Qxf7 $2 (36... Kg7 {was worth a try.} 37. Rb1 Kf8) 37. h3 Bd4 $2 (37... Bf6 {might work better.} 38. Nd2 c4 39. Nxc4 Qd5) 38. Qe4 $2 (38. f6) 38... Qe7 39. Qg4 {And now f6! would win.} Qf7 $2 {[#]} (39... Bf6 40. Rd1 Rd4) 40. f6 $1 Bxf6 {[#]} 41. Ne5 $1 {[%mdl 512]} Qg7 (41... Bxe5 42. Rxf7+) 42. Qe6 {Accuracy: White = 52%, Black = 39%.} 1-0

[Event "FIDE Online Steinitz Memorial Open"]
[Site "Internet"]
[Date "2020.05.15"]
[Round "5"]
[White "Bu, Xiangzhi"]
[Black "Xiong, Jeffery"]
[Result "1/2-1/2"]
[WhiteElo "2760"]
[BlackElo "2724"]
[Annotator "TA"]
[PlyCount "88"]
[EventDate "2020.05.15"]
[EventType "tourn"]
[SourceTitle "playchess.com"]
[Source "ChessBase"]
[SourceQuality "1"]

{[%evp 9,88,21,34,33,38,34,41,34,44,43,54,37,52,43,56,0,11,-31,112,97,129,106,95,77,79,77,85,72,73,28,95,88,94,93,104,110,118,39,262,159,167,160,165,160,150,147,149,144,173,185,204,204,204,201,214,194,248,248,248,248,247,244,240,242,237,227,237,239,247,0,0,-451,0,0,0,0,0,0,0,0,0]} 1. Nf3 d5 2. d4 Nf6 3. c4 e6 4. Nc3 dxc4 5. e4 b5 6. e5 {D24: Queen's Gambit Accepted: 3 Nf3 Nf6 4 Nc3.} Nd5 7. Nxb5 Nb6 8. Be2 {White is slightly better.} Nc6 9. O-O Be7 10. Qd2 Qd7 11. Rd1 Bb7 {[#]} 12. a4 $5 $146 {[%mdl 8] New and interesting.} (12. Qf4 $14) ({Predecessor:} 12. Nc3 Nb4 13. Qf4 f5 14. Qg3 O-O 15. h4 Kh8 16. Bg5 N4d5 17. Nd2 Nxc3 18. bxc3 {½-½ (38) Ding,L (2805)-Caruana,F (2818) Saint Louis 2019}) 12... Nb4 13. Na3 {[%cal Bb5a3,Ba3c4,Bc4e3][%mdl 32]} Bd5 (13... Qxa4 $15 {keeps the upper hand.} 14. Qe1 O-O) 14. a5 $16 Nc8 15. Nxc4 Rb8 16. Ne3 Be4 17. b3 O-O 18. Ba3 Rd8 19. Rac1 Nc6 (19... Nd5 $11 {remains equal.} 20. Bc5 Rxb3) 20. Bxe7 N8xe7 21. Qc3 Bxf3 22. Bxf3 Nxd4 {[#]} 23. Kh1 (23. Qc5 $1 $16) 23... Rxb3 $2 (23... c5 $1 $14) 24. Qc5 Rb5 25. Qxa7 c5 26. Qxd7 Rxd7 27. a6 Ra7 {[#]} 28. Bb7 $1 Nec6 29. Nc4 Rbxb7 30. axb7 Rxb7 31. Nd6 Rb2 32. f4 Rc2 (32... Ne7 {keeps fighting.} 33. Rxc5 h5) 33. Rxc2 $18 Nxc2 {[%mdl 4096] Endgame KRN-KNN} 34. Rc1 N6b4 35. Ne4 c4 36. Nd2 c3 37. Ne4 h6 38. Nxc3 Ne3 {intending ...Nd3.} 39. g3 $2 (39. Ne4 $18) 39... Nd3 $11 40. Re1 $2 {[%mdl 8192]} (40. Ra1 $11 Nf2+ 41. Kg1 Nh3+ 42. Kh1 Nf2+ 43. Kg1 Nh3+ 44. Kh1 Nf2+) 40... Nf2+ $2 (40... Nxe1 $19 41. Kg1 Nd3) 41. Kg1 {The position is equal.} Nh3+ 42. Kh1 Nf2+ 43. Kg1 Nh3+ 44. Kh1 Nf2+ {What a bad dream for Black. Accuracy: White = 68%, Black = 68%.} 1/2-1/2

[Event "FIDE Online Steinitz Memorial Open"]
[Site "Internet"]
[Date "2020.05.15"]
[Round "5"]
[White "Svidler, Peter"]
[Black "Korobov, Anton"]
[Result "1-0"]
[WhiteElo "2754"]
[BlackElo "2667"]
[Annotator "TA"]
[PlyCount "85"]
[EventDate "2020.05.15"]
[EventType "tourn"]
[SourceTitle "playchess.com"]
[Source "ChessBase"]
[SourceQuality "1"]

{[%evp 9,85,0,0,0,-4,-14,-1,0,0,0,0,-25,0,-10,0,0,36,10,12,14,52,45,83,75,119,111,128,47,96,93,107,33,42,40,34,0,0,0,0,6,26,31,31,0,32,0,0,0,0,0,15,3,2,0,6,12,29,0,0,0,0,0,28,0,66,53,58,10,77,61,45,43,256,256,249,228,29983,29983]} 1. Nf3 d5 2. g3 g6 3. Bg2 Bg7 4. O-O Nf6 5. b3 Ne4 6. c3 {A07: Réti Opening: New York and Capablanca Systems.} c5 7. Qc2 O-O 8. d3 {[#] The position is equal.} Nf6 $146 ({Predecessor:} 8... Nd6 9. Nbd2 Nc6 10. Bb2 e5 11. e4 d4 12. cxd4 cxd4 13. Nc4 b5 14. Nxd6 Qxd6 15. Nxe5 Nxe5 {½-½ (68) Hartoch,R (2355)-Fuller,K Ramsgate 1984}) 9. e4 Nc6 10. e5 Nd7 11. d4 cxd4 12. cxd4 Nb6 (12... f6 $5 {[%cal Rf6e5]}) 13. Be3 Bf5 14. Qd2 Rc8 15. Nc3 Nb4 16. Nh4 Bd3 17. Rfc1 Ba6 18. Ne2 (18. a3 $16 Nc6 19. a4) 18... Nd3 19. Rxc8 Qxc8 20. Nc1 (20. a4 $16) 20... Nxc1 $14 21. Rxc1 Qd7 22. Bh6 Rc8 23. Nf3 Rxc1+ 24. Qxc1 Bd3 25. Bxg7 Kxg7 26. Ng5 f6 (26... h6 {looks sharper.} 27. Nf3 Qc8 28. Qd2 Qc2 29. Bf1 Bf5) 27. exf6+ (27. Nh3 {feels hotter.} Be4 28. Bf1 g5 29. f4 g4 30. Nf2) 27... exf6 28. Nh3 g5 29. f4 h6 30. Nf2 Bf5 31. h3 Qe7 32. g4 Bg6 33. f5 Bf7 34. Bf3 Qd6 35. Kg2 a6 (35... Qd7 {is more complex.} 36. Nd3 Nc8 37. Nc5 Qc6 38. Kf2 Ne7) 36. Qc5 (36. Nd3 {seems wilder.} Qd7 37. Nc5 Qc6 38. Be2 Kg8 39. Qc3) 36... Qxc5 ({Black should play} 36... Qd8 $1 $11) 37. dxc5 $11 {[%mdl 4096] Endgame KBN-KBN} Nd7 38. b4 a5 (38... Ne5 $11) 39. c6 bxc6 40. bxa5 Nb8 $2 {[#]} (40... Kf8 $1 $14) 41. Be2 $18 c5 42. Bb5 Nc6 $2 (42... d4 $18 43. Nd3 Bd5+ 44. Kf2 c4) 43. Bxc6 {Accuracy: White = 63%, Black = 54%.} 1-0

[Event "FIDE Online Steinitz Memorial Open"]
[Site "Internet"]
[Date "2020.05.15"]
[Round "5"]
[White "Dubov, Daniil"]
[Black "Grischuk, Alexander"]
[Result "1-0"]
[WhiteElo "2720"]
[BlackElo "2765"]
[Annotator "TA"]
[PlyCount "101"]
[EventDate "2020.05.15"]
[EventType "tourn"]
[SourceTitle "playchess.com"]
[Source "ChessBase"]
[SourceQuality "1"]

{[%evp 19,101,3,3,12,-6,-45,5,5,5,5,5,5,5,5,5,0,0,0,8,0,31,39,31,31,32,28,118,123,128,121,104,120,180,195,195,108,196,185,191,189,185,190,190,190,190,193,190,191,205,211,198,142,176,179,179,177,214,210,246,239,404,393,704,279,270,0,254,138,356,132,356,350,29983,29984,29984,29985,29985,29986,29986,29985,29985,29986,29986,29987]} 1. e4 c5 2. Nf3 d6 3. d4 cxd4 4. Nxd4 Nf6 5. Nc3 a6 6. Bg5 e6 7. f4 Nbd7 {[%cal Bb8d7,Bd7f6,Bf6e4][%mdl 32]} 8. Qf3 Qc7 9. O-O-O b5 10. Bxf6 Nxf6 11. e5 {B96: Sicilian Najdorf: 6 Bg5 e6 7 f4, lines other than 7...Qb6 and 7...Be7.} Bb7 12. Qh3 dxe5 {[#]} 13. Ncxb5 $1 {[%mdl 512] The position is equal.} Qb6 (13... axb5 14. Bxb5+) 14. fxe5 Ne4 {Threatens to win with ...0-0-0.} 15. Qb3 {Strongly threatening Nd6+!} Bc5 $132 {[%mdl 2048] Black is fighting back} 16. Nd6+ $1 Nxd6 17. Qxb6 Bxb6 18. exd6 O-O {[#]} 19. c4 $146 ({Predecessor:} 19. Rd3 Rfd8 20. Nf3 Rac8 21. Rb3 Rxd6 22. Bd3 Bd5 23. Ra3 a5 24. Rd1 g6 25. Kd2 {½-½ (25) Van der Merwe,C (2026)-Farkas,T (2248) Kecskemet 2014}) 19... Rfd8 20. b4 $1 {c5 is the strong threat.} Rxd6 21. c5 {[%mdl 64] Double Attack} Rc8 22. Bc4 Bxc5 (22... g5 $11 {keeps the balance.} 23. Kb2 Bxc5 24. bxc5 Rxc5) 23. bxc5 $16 Rxc5 24. Nc2 Rxd1+ 25. Rxd1 {[%cal Rd1d8]} g5 {[#]} (25... Kf8 $16 {was called for.}) 26. Bxe6 $1 $18 {[%mdl 512]} Bxg2 (26... fxe6 27. Rd8+) 27. Rd8+ $1 Kg7 28. Rd7 Be4 29. Rxf7+ Kg6 30. Rf2 h5 31. Bf7+ Kh6 32. Bb3 g4 33. Kd2 Kg5 34. Nd4 {Hoping for Ne6+.} Kh4 35. Rf4 (35. Ke3 $18 Bb1 36. Kf4) 35... Bb1 36. Rf1 Be4 37. Rf2 a5 38. Ke3 Bb1 39. Kf4 a4 $2 (39... Bg6 40. Be6 Rc3) 40. Be6 {And now Nf3+! would win.} a3 $2 {[#]} (40... Kh3 41. a3 Rc3) 41. Rd2 $2 (41. h3 $1 {White wants to mate with Rh2.} Re5 (41... gxh3 42. Nf3#) 42. Kxe5) 41... Rc1 42. Rf2 $2 ({White should try} 42. Nf5+ $18 Bxf5 43. Kxf5 (43. Bxf5 Rc4+ 44. Be4 Rb4 $18)) 42... Re1 $2 {[%mdl 8192]} (42... Rc5 $1 $11 {and Black is okay.} 43. Rf1 Bh7) 43. Bf5 (43. Nf5+ $18 Bxf5 44. Kxf5 (44. Bxf5 Re8 $18)) 43... Bxf5 $2 (43... Rh1 $16 44. Be6 Bd3) 44. Nxf5+ $16 {[%mdl 4096] Endgame KRN-KR} ({Weaker is} 44. Kxf5 Rb1 $18) 44... Kh3 {[#] This costs Black the game.} 45. Ng3 $1 h4 $2 (45... Rb1 $18 46. Nxh5 Rb6) 46. Ne4 {White mates.} Rxe4+ 47. Kxe4 g3 48. hxg3 hxg3 {[#]} 49. Rf3 $1 Kh2 50. Rxa3 g2 51. Ra8 {Accuracy: White = 79%, Black = 51%.} 1-0

[Event "FIDE Online Steinitz Memorial Open"]
[Site "Internet"]
[Date "2020.05.15"]
[Round "5"]
[White "Le, Quang Liem"]
[Black "Mamedyarov, Shakhriyar"]
[Result "0-1"]
[WhiteElo "2690"]
[BlackElo "2716"]
[Annotator "TA"]
[PlyCount "74"]
[EventDate "2020.05.15"]
[EventType "tourn"]
[SourceTitle "playchess.com"]
[Source "ChessBase"]
[SourceQuality "1"]

{[%evp 10,74,14,-5,0,-22,0,-8,11,6,3,0,0,0,8,0,0,-11,0,-3,-5,-11,0,-14,-10,-4,0,11,85,12,18,0,0,0,0,0,0,-11,0,0,0,0,2,1,1,2,5,-102,-92,-67,0,0,0,0,70,70,71,0,0,-342,12,0,16,-29986,-29987,-29998,-29999]} 1. c4 e5 2. Nc3 Nf6 3. Nf3 Nc6 4. e3 Bb4 5. Qc2 Bxc3 6. bxc3 d6 {A28: English Opening: Four Knights Variation.} 7. d3 O-O 8. Be2 h6 {The position is equal.} 9. O-O {[#]} a6 $5 $146 {[%mdl 8] New and interesting.} ({Predecessor:} 9... b6 10. e4 Nh7 11. Ne1 f5 12. exf5 Bxf5 13. f4 Qd7 14. Nf3 Rae8 15. fxe5 dxe5 {½-½ (31) Ganguly,S (2615)-Wojtaszek,R (2749) Germany 2019}) 10. Rb1 Rb8 11. a4 a5 12. e4 b6 13. Ne1 Nh7 14. f4 exf4 15. Bxf4 f5 16. exf5 Bxf5 17. Qd2 Ne5 18. Nc2 Qh4 {[#]} (18... Bg6 $11 {keeps the balance.}) 19. Ne3 ({White should try} 19. c5 $1 $16 {[%mdl 512]}) 19... Be6 $11 (19... Bxd3 $2 20. g3 $18) 20. Bg3 Qg5 21. d4 Ng4 22. Bxg4 Bxg4 23. h4 Qh5 24. Nd5 Rxf1+ 25. Rxf1 {Threatening Re1.} Be6 26. Nxc7 Bxc4 27. Re1 $36 {[%mdl 2048] White fights for an advantage.} Rd8 28. Qb2 (28. d5 $11 {remains equal.}) 28... Qg4 $17 29. Re3 Nf6 ({Black should play} 29... Rf8 $15 30. Kh2 (30. Qxb6 $2 Rf1+ 31. Kh2 Nf6 $19) 30... Qg6) 30. Qxb6 $11 {Hoping for Nd5!} Qd1+ 31. Re1 Qd3 (31... Qc2 $11) 32. Nd5 $1 $14 Rf8 33. Ne7+ (33. Nxf6+ $16 Rxf6 34. Qb8+ (34. Bxd6 Kh7 $15) 34... Kh7 35. Qb1 (35. Bxd6 $2 Rg6 $17)) 33... Kh7 $11 34. Qxd6 $2 {[%mdl 8192]} (34. Qb1 $11 {and White has nothing to worry.}) 34... Qxc3 $2 (34... Ng4 $19 {( -> ...Rf1+)} 35. Qg6+ Qxg6 36. Nxg6 Kxg6) 35. Qe5 {Qf5+ is the strong threat.} Qd3 {And now ...Ng4 would win.} 36. h5 $2 {[%mdl 8192] [#]} (36. Qe3 $11) 36... Ng4 $1 37. Qd6 Rf1+ {[%mdl 64] Back Rank. Accuracy: White = 71%, Black = 80%.} 0-1

[Event "FIDE Online Steinitz Memorial Open"]
[Site "Internet"]
[Date "2020.05.15"]
[Round "6"]
[White "Grischuk, Alexander"]
[Black "Carlsen, Magnus"]
[Result "1/2-1/2"]
[WhiteElo "2765"]
[BlackElo "2887"]
[Annotator "TA"]
[PlyCount "124"]
[EventDate "2020.05.15"]
[EventType "tourn"]
[SourceTitle "playchess.com"]
[Source "ChessBase"]
[SourceQuality "1"]

{[%evp 12,124,27,17,16,19,31,12,16,14,14,17,37,21,41,15,20,4,4,2,16,4,15,12,12,13,11,8,40,19,17,20,39,8,13,13,17,0,12,0,0,-2,0,0,0,0,0,0,0,0,0,0,0,0,0,0,0,0,0,0,0,4,27,22,20,2,2,2,3,3,3,0,0,0,0,0,0,0,0,0,0,0,0,0,0,0,0,0,0,0,0,0,0,0,0,0,0,0,0,0,0,0,0,0,0,0,0,0,0,0,0,0,0,0,0]} 1. d4 Nf6 2. c4 e6 3. Nf3 d5 4. Nc3 Be7 5. Bf4 O-O 6. e3 b6 7. Bd3 dxc4 {Nowadays more popular than 7...Bb7. D37: Queen's Gambit Declined: 5 Bf4.} 8. Bxc4 Ba6 9. Qe2 Bxc4 10. Qxc4 c5 11. dxc5 Bxc5 12. O-O Nbd7 13. Rac1 Qc8 {[#]} 14. Ne5 $146 ({Predecessor:} 14. Rfd1 Rd8 15. Qa4 Qb7 16. h3 Rac8 17. Ne5 Be7 18. Nxd7 Rxd7 19. Bg5 Rdc7 20. Ne2 h6 21. Bf4 {½-½ (21) Vidit,S (2721)-Karjakin,S (2754) Moscow 2019}) 14... Qb7 15. Nxd7 Nxd7 16. Rfd1 Rfc8 {[#] Threatens to win with ...Bxe3!} 17. Qe4 Qxe4 18. Nxe4 Be7 19. g4 Nf6 (19... Nf8 {is more complex.} 20. Nd6 Rd8 21. Kg2 f6 22. Bg3 e5) 20. Nxf6+ Bxf6 21. b3 h6 22. Bc7 Kf8 23. Kg2 Ke8 24. f4 Bb2 25. Rc4 b5 26. Rc6 a6 27. Rd2 Ba3 28. Rdc2 Kd7 29. R6c3 Bb4 30. Rd3+ $1 Ke8 {[#] White must now prevent ...Ba5!} 31. Rd1 $1 Ba3 32. Rdd2 Bb4 33. Re2 f6 34. Kf3 Kd7 35. Bb6 Rxc2 36. Rxc2 {aiming for Rc7+.} Rc8 (36... Bd6 {is more complex.} 37. h4 b4 38. Rd2 Kc6 39. Bd4 a5) 37. Rxc8 Kxc8 $11 {[%mdl 4096] Endgame KB-KB. The position is equal.} 38. f5 Kd7 39. Ke4 Bd6 40. h4 Kc6 {And now ...exf5+ would win.} 41. Bd4 (41. Ba5 {looks sharper.} Kd7 42. h5 Bc5 43. Bd2 Kd6 44. a4) 41... e5 42. Bc3 b4 43. Be1 a5 44. Bg3 Bc5 45. g5 h5 $1 46. g6 Bd6 47. Bf2 Bc5 48. Be1 Bd6 49. Kd3 Bc5 50. Bd2 Kb5 51. Ke4 Kc6 52. Bc1 Bf8 53. Kd3 Kb5 54. Bb2 Bd6 55. Ke4 {Kd5 is the strong threat.} Kc6 56. Kd3 Kd5 {Hoping for ...e4+.} 57. e4+ Kc5 58. Bc1 Kb5 59. Bh6 $1 {[%cal Rh6g7]} Bf8 60. Bd2 Bc5 61. Bh6 Bf8 62. Bd2 Bc5 {Accuracy: White = 96%, Black = 98%.} 1/2-1/2

[Event "FIDE Online Steinitz Memorial Open"]
[Site "Internet"]
[Date "2020.05.15"]
[Round "6"]
[White "Bu, Xiangzhi"]
[Black "Dubov, Daniil"]
[Result "1-0"]
[WhiteElo "2760"]
[BlackElo "2720"]
[Annotator "TA"]
[PlyCount "157"]
[EventDate "2020.05.15"]
[EventType "tourn"]
[SourceTitle "playchess.com"]
[Source "ChessBase"]
[SourceQuality "1"]

{[%evp 10,157,16,12,43,26,25,25,17,5,12,1,28,14,16,14,19,31,21,19,20,20,20,0,1,-86,-87,-84,-21,-22,-22,-22,-26,-26,28,-21,-30,-20,-19,-65,-18,-53,-34,-27,-24,-64,-53,-70,-75,-66,-41,-72,-63,-95,-52,-71,-24,-72,0,-4,-9,-13,0,0,52,53,75,76,93,86,86,64,94,99,116,145,305,300,330,296,404,379,440,435,675,675,771,771,771,771,771,768,1056,1010,920,895,1126,771,771,771,771,771,771,771,771,764,4810,771,771,764,764,749,753,746,747,739,737,714,1170,931,12805,10081,5543,742,1326,1295,1315,1254,1181,203,203,0,1121,862,957,906,1218,847,29960,29957,7473,7447,29978,29979,29982,29983,29983,29982,29984,29984]} 1. Nf3 d5 2. d4 Nf6 3. c4 e6 4. Nc3 c6 5. e3 Nbd7 6. Qc2 {[#]} a5 $146 {D45: Semi-Slav: 5 e3.} ({Predecessor:} 6... Bd6 7. Bd3 O-O 8. O-O e5 9. cxd5 cxd5 10. e4 exd4 11. Nxd5 Nxd5 12. exd5 h6 13. Nxd4 Qh4 14. Nf3 Qh5 15. Bh7+ Kh8 16. Qf5 Qxf5 17. Bxf5 Nf6 18. Bc2 b6 19. Rd1 Bb7 20. Bb3 Rad8 21. Be3 {½-½ (30) Nepomniachtchi,I (2784)-Ding,L (2791) chess.com INT 2020}) 7. Be2 dxc4 8. Bxc4 b5 {White has an edge.} 9. Be2 Bb7 10. O-O Rc8 11. Rd1 b4 12. Na4 c5 13. dxc5 Be4 14. Qc4 Bd5 $1 {[%cal Rd5c4]} 15. Qf4 Be7 16. b3 Ne4 17. h4 {[#]} (17. Nd2 $11 {keeps the balance.} Nc3 18. Nxc3 bxc3 19. Nc4) 17... Bf6 $1 $17 {[%cal Rf6a1]} 18. Rb1 Nc3 (18... Ndxc5 $17 19. Bb5+ Ke7) 19. Nxc3 $11 bxc3 20. Bd3 Nxc5 21. Bc2 $1 O-O ({Black should try} 21... Qc7) 22. Ba3 {aiming for Bxc5.} Qc7 $1 23. Qxc7 Rxc7 24. Rbc1 Rb8 (24... Bxf3 $5 25. gxf3 Bxh4 $17) 25. h5 h6 26. Nd4 Be7 27. Bxc5 Bxc5 28. Ne2 Ba3 29. Rb1 Bb2 30. e4 Bb7 31. f3 Bc6 32. Kf2 Ra7 33. Nf4 a4 (33... Ba3 $17) 34. Nd3 axb3 35. axb3 Ra2 {Hoping for ...Ba3.} 36. Nxb2 cxb2 (36... Bb5 $11) 37. Rd2 $14 Rb7 38. Bd1 Rd7 39. Rxd7 Bxd7 $16 {[%mdl 4096] Endgame KRB-KRB} 40. Ke2 Ra1 41. Rxb2 Bb5+ 42. Kd2 g5 $2 (42... Kf8 $16 43. Be2 Bxe2) 43. Be2 $18 Bc6 44. b4 {[%cal Bb3b4,Bb4b5][%mdl 32]} Kf8 45. b5 Bb7 46. Rc2 Ke8 (46... Ra8 $142 47. Rc7 Bc8) 47. Rc7 Ra2+ 48. Ke3 Ba8 49. Bc4 Ra3+ 50. Kd4 Ra4 51. Kc5 Ra1 52. b6 Kf8 53. b7 Bxb7 54. Rxb7 {KRB-KR} Rg1 55. g4 Rg3 56. Rb3 Kg7 57. Kd4 Kf6 58. Ke3 Rg1 59. Be2 Ra1 60. Rb5 Ra3+ 61. Bd3 Ra4 62. e5+ Kg7 63. Rb7 Ra5 64. f4 gxf4+ 65. Kxf4 Ra4+ 66. Be4 Kf8 67. Rb8+ Kg7 68. Rd8 Rb4 69. Ke3 $2 (69. Rc8 {Ra8 is the strong threat.} Ra4 70. Rc3) 69... Rb5 70. Kf4 Rb4 71. Rd3 Ra4 72. Rc3 Rb4 73. Rc7 Ra4 74. Ke3 Ra3+ 75. Kf2 Kf8 {[#]} 76. g5 $1 {[%mdl 64] Promotion. White mates.} hxg5 77. h6 Rh3 78. Rc8+ Ke7 79. h7 {Accuracy: White = 72%, Black = 51%.} 1-0

[Event "FIDE Online Steinitz Memorial Open"]
[Site "Internet"]
[Date "2020.05.15"]
[Round "6"]
[White "Xiong, Jeffery"]
[Black "Mamedyarov, Shakhriyar"]
[Result "0-1"]
[WhiteElo "2724"]
[BlackElo "2716"]
[Annotator "TA"]
[PlyCount "50"]
[EventDate "2020.05.15"]
[EventType "tourn"]
[SourceTitle "playchess.com"]
[Source "ChessBase"]
[SourceQuality "1"]

{[%evp 13,50,0,0,-29,-29,-22,-17,-18,-24,-27,-13,-11,-9,-17,-13,-15,-12,0,10,8,14,4,16,0,8,-28,-9,-6,-8,-5,0,0,0,0,6,-92,-96,-438,-428]} 1. e4 e5 2. Nf3 Nc6 3. d4 exd4 4. Nxd4 Qf6 5. Be3 Bc5 6. c3 Nge7 7. Bb5 O-O {7...Bb6 is more advanced technology.} 8. Nxc6 {C45: Scotch Game.} (8. Bxc6 {looks sharper.} bxc6 9. O-O Bb6 10. Nd2 d6 11. Re1) 8... dxc6 9. Bxc5 {And now Bf1 would win.} cxb5 10. O-O {The position is equal.} b6 11. Be3 {[#]} Bb7 $146 ({Predecessor:} 11... Be6 12. Nd2 Rad8 13. Qf3 Qg6 14. Qg3 Rd7 15. Qxg6 Nxg6 16. Nf3 Bc4 17. Rfd1 Rfd8 18. Rxd7 Rxd7 {0-1 (40) Larrea Reta,J (1860)-Otano Villanueva,J (1652) Pamplona 2013}) 12. Nd2 {[%cal Bb1d2,Bd2f1,Bf1g3][%mdl 32]} c5 13. a4 bxa4 14. Qxa4 Rfd8 15. Rfd1 h6 (15... Ng6 {is interesting.} 16. Nf1 Ne5 17. Rxd8+ Rxd8 18. b4 cxb4 19. Qxb4 Nc6) 16. Nf1 Qc6 17. Qxc6 Nxc6 18. Ng3 Na5 19. b4 cxb4 20. cxb4 Nc4 21. Bd4 a5 22. Rac1 b5 23. bxa5 Rxa5 24. Nf5 (24. f3 $11 {keeps the balance.}) 24... Bxe4 $17 25. Nxg7 $2 {[%mdl 8192] [#]} (25. Ne3 $17) 25... Bc2 $1 {[%mdl 512] Accuracy: White = 57%, Black = 100%.} 0-1

[Event "FIDE Online Steinitz Memorial Open"]
[Site "Internet"]
[Date "2020.05.15"]
[Round "6"]
[White "Korobov, Anton"]
[Black "Le, Quang Liem"]
[Result "0-1"]
[WhiteElo "2667"]
[BlackElo "2690"]
[Annotator "TA"]
[PlyCount "66"]
[EventDate "2020.05.15"]
[EventType "tourn"]
[SourceTitle "playchess.com"]
[Source "ChessBase"]
[SourceQuality "1"]

{[%evp 17,66,-2,9,6,14,7,20,26,16,0,0,-12,-5,-25,-24,-40,41,12,33,-29,-41,-36,-5,-12,-16,-111,-116,-122,-102,-87,-75,-164,-75,-91,-38,-330,-306,-554,-535,-731,-722,-767,-774,-830,-633,-910,-771,-3733,-3050,-29981,-29982]} 1. d4 Nf6 2. c4 e6 3. Nf3 b6 4. g3 Bb7 5. Bg2 Be7 6. Nc3 O-O 7. Qc2 c5 8. d5 exd5 9. Ng5 h6 10. h4 {E17: Queen's Indian: 4 g3 Bb7 5 Bg2 Be7.} Na6 11. cxd5 Nb4 {[%mdl 64] Double Attack} (11... hxg5 12. hxg5 Nb4 13. Qb1 $14) 12. Qd1 {[#] The position is equal.} d6 $146 ({Predecessor:} 12... hxg5 13. hxg5 Nh7 14. a3 Na6 15. e4 g6 16. f4 f5 17. gxf6 Bxf6 18. Qg4 Qe8 {1-0 (38) Ponomariov,R (2705)-Korotylev,A (2600) Moscow 2007}) 13. a3 Na6 14. Qc2 Nc7 15. Bf4 b5 16. Rd1 b4 (16... a5 $15) 17. Nce4 {White wants to mate with Nxf6+.} Nce8 (17... hxg5 $6 18. Nxf6+ Bxf6 19. hxg5 $18) 18. Nxf6+ (18. axb4 $1 $14 cxb4 19. Nxf6+ Nxf6 20. Ne4) 18... Nxf6 $11 19. Ne4 Rc8 ({But not} 19... Nxd5 $6 20. Ng5 $16) (19... Nxe4 {seems wilder.} 20. Bxe4 a5 21. Bd3 Bf6 22. Kf1 Ba6) 20. Nxf6+ Bxf6 21. g4 (21. O-O $11) 21... Bxh4 $17 22. Bxd6 Bxf2+ ({Of course not} 22... Qxd6 $6 23. Rxh4 Rfe8 24. g5 $11) 23. Kxf2 Qxd6 {[#]} 24. Bf3 {[#]} (24. g5 $1 $17 {[%mdl 512]}) 24... Qf6 (24... Rfe8 $1 $19 25. g5 Re5 26. gxh6 g6 27. h7+ Kh8 28. axb4 cxb4) 25. Rh5 Rfd8 {[#]} (25... Rfe8 $17 26. g5 Qe5 27. gxh6 Qe3+ {[%mdl 64] Double Attack} 28. Kf1 g6 29. h7+ Kh8) 26. Rg1 $2 {[%mdl 8192] Now White is beyond hope.} (26. g5 $1 $15 {[%mdl 512]} Qb6 (26... hxg5 27. Qh7+) 27. gxh6) 26... Rxd5 $19 27. g5 $2 (27. Rxd5 Bxd5 28. axb4) 27... Rxg5 28. Rgxg5 hxg5 29. Qh7+ Kf8 30. Rh1 Rd8 {Threatens to win with ...Bxf3.} 31. Qh8+ Ke7 32. Qh2 Qd4+ 33. Kf1 Bxf3 {Accuracy: White = 35%, Black = 65%.} 0-1